Olcsó könyvtár
Elmentve itt :
| Dokumentumtípus: | Cikk |
|---|---|
| Megjelent: |
1899
|
| Sorozat: | Magyar pedagógia : a Magyar Tudományos Akadémia Pedagógiai Bizottságának folyóirata
8 |
| Kulcsszavak: | Könyvkiadás magyar |
| Online Access: | http://misc.bibl.u-szeged.hu/7498 |
| LEADER | 00574nab a2200169 i 4500 | ||
|---|---|---|---|
| 001 | misc7498 | ||
| 005 | 20191106144146.0 | ||
| 008 | 170607s1899 hu o 0|| hun d | ||
| 022 | |a 0025-0260 | ||
| 040 | |a SZTE Miscellanea Repozitórium |b hun | ||
| 041 | |a hun | ||
| 245 | 0 | 0 | |a Olcsó könyvtár |h [elektronikus dokumentum] |
| 260 | |c 1899 | ||
| 300 | |a 191-192 | ||
| 490 | 0 | |a Magyar pedagógia : a Magyar Tudományos Akadémia Pedagógiai Bizottságának folyóirata |v 8 | |
| 695 | |a Könyvkiadás magyar | ||
| 856 | 4 | 0 | |u http://misc.bibl.u-szeged.hu/7498/1/mp_1899_191-192.pdf |z Dokumentum-elérés |